Extrariziko v životnom poistení
Gespeichert in:
| 1. Verfasser: | |
|---|---|
| Weitere Verfasser: | |
| Format: | Buchkapitel |
| Sprache: | Slowakisch |
| Tags: |
Keine Tags, Fügen Sie das erste Tag hinzu!
|
MARC
| LEADER | 00000naa$a2200000$$$4500 | ||
|---|---|---|---|
| 001 | 0094160 | ||
| 005 | 20240502072040.7 | ||
| 041 | 0 | |a slo | |
| 044 | |a SK | ||
| 245 | 1 | 0 | |a Extrariziko v životnom poistení |c Katarína Sakálová, Lea Škrovánková |
| 100 | 1 | |a Sakálová, Katarína, 1955- | |
| 700 | 1 | |a Škrovánková, Lea, 1954- | |